Produkcia biomasy rôznych typov porastov vybraných cudzokrajných drevín

Bibliographic Details
Main Author: Tokár, Ferdinand, 1941- (Author)
Format: Article
Language:Slovak
Subjects:

MARC

LEADER 00000nab a2200000 a 4500
001 vtls000201989
003 SK-MaSNL
005 20260304172357.0
008 250526c1984 xo 0 slo
015 |a SNBRB19rr/mm-uuuuu 
035 |a CL0212102 
035 |a urn:nbn:sk:snk-ab2cck 
035 |a (urnnbn)urn:nbn:sk:snk:ar-a024oz 
035 |a (uuid)26849be0-b060-454e-aaaa-af5bcb099fd4 
040 |a SNKBUCL  |b slo  |c SNKBUCL  |e AACR2 
041 0 |a slo 
044 |a xo  |c SK 
080 |a 630 5  |2 1981 
080 |a 581.5  |2 1981 
100 1 |a Tokár, Ferdinand,  |d 1941-  |4 aut  |9 104747 
245 1 0 |a Produkcia biomasy rôznych typov porastov vybraných cudzokrajných drevín  |c Ferdinad Tokár ; Ferdinand Tokár 
650 0 7 |a exotické dreviny  |2 snkbucl  |9 78937 
655 7 |a články z novín a časopisov  |2 snkbucl  |9 267496 
700 1 |a Tokár, Ferdinand,  |d 1941-  |4 aut  |9 104747 
773 0 |t Les  |g Roč. 40, č. 12 (1984), s. 551-553 
850 |a Slovenská národná knižnica 
852 |a Slovenská národná knižnica 
954 |a odborná, vedecká literatúra pôvodná (slovenská)  |2 lita 
958 |a ONDV 
958 |a article2022 
958 |a RK 
992 |a RBX 
999 |c 2998103  |d 3000033